000 00488cam a22002052a 4500
001 017743
003 AR-FADEU
008 311216n2004####xxu####################dd
020 _a987-03-0054-5
092 _aD348.31
_bP628de
100 _aPigretti, Eduardo A.
245 _aDerecho ambiental profundizado
260 _aBuenos Aires
260 _bLa Ley
260 _c2004
300 _a209 p
500 _aIncluye bibliografía
650 _aDERECHO AMBIENTAL
942 _cBDGR
999 _c23490
_d23490